[Event "Swiss-Ch 2017"]
[Site "Graechen"]
[Date "2017.07.17"]
[Round "5"]
[White "Stijve, Theo"]
[Black "Pelletier, Yannick"]
[Result "0-1"]
[WhiteElo "2158"]
[BlackElo "2529"]
[Annotator "TA"]
[PlyCount "78"]
[EventDate "2017.??.??"]
[EventCountry "SUI"]
[SourceTitle "playchess.com"]
[Source "ChessBase"]
[SourceQuality "1"]

{[%evp 10,77,28,-17,-17,0,0,-64,-58,-54,-50,-49,-61,-47,-41,-56,-53,-103,-102,-111,-95,-106,-107,-120,-66,-128,-127,-123,-110,-114,-113,-139,-58,-58,-60,-137,-138,-141,-137,-135,-102,-106,-106,-106,-104,-128,-116,-116,-116,-118,-98,-106,-100,-127,-132,-177,-175,-591,-402,-603,-567,-805,-763,-1621,-1596,-1264,-1147,-29984,-29984,-29999]} 1. e4 c6 2. d4 d5 3. f3 Qb6 4. Nc3 e6 5. a3 Nf6 6. Be3 {LiveBook: 9 Games. B12: Caro-Kann: Advance Variation} (6. e5 $5 {[%cal Re5f6]} Nfd7 7. f4 $11) 6... dxe4 7. fxe4 Ng4 8. Bc1 $146 (8. Na4 $11 Qa5+ 9. Qd2 Qxd2+ 10. Bxd2) ({Predecessor:} 8. Na4 Nxe3 9. Nxb6 Nxd1 10. Nxa8 Nxb2 11. Nf3 {0-1 (32) Li,C (2751)-Navara,D (2734) Huaian 2016}) 8... e5 $15 9. Nf3 exd4 10. Nxd4 Bd6 {[%cal Bf8d6,Bd6h2,Bh2e5,Be5d4][%mdl 32]} 11. Be2 h5 $36 {[%mdl 2048] White is under pressure.} 12. Bxg4 Bxg4 13. Qd2 Nd7 14. Nf5 {[#]} Bxh2 $1 {[%mdl 512]} 15. Nxg7+ (15. Rxh2 Qg1#) 15... Kf8 16. Qf2 Qxf2+ 17. Kxf2 Be5 18. Nf5 Re8 19. Bd2 Nf6 {Hoping for ...Bxc3.} 20. Rae1 {[#]} Nxe4+ $1 {[%mdl 512]} 21. Nxe4 Bxf5 22. Ng3 (22. Bb4+ $15 Kg7 23. Nd6 Bxd6 24. Bxd6) 22... Bd4+ $17 23. Be3 Rxe3 24. Rxe3 Bg4 25. Rhe1 Rh6 26. Nf1 h4 27. Kg1 Rd6 28. Kh2 Bxe3 ({But not} 28... Bxb2 $6 29. Rb3 $11) 29. Nxe3 {[%mdl 4096] Endgame KRB-KRN} Be6 30. Re2 Kg7 31. Rf2 Kg6 32. Rf4 Kg5 33. Ra4 $2 (33. Rf3) 33... Rd2 34. Rxa7 (34. Kg1 $142 f5 35. Rxa7) 34... Re2 $19 35. Nf1 Bd5 36. Ra5 Rxg2+ 37. Kh3 Rf2 {( -> ...b5)} 38. c4 b6 39. Ra8 Be6# {Precision: White = 27%, Black = 88%.} 0-1

[Event "Swiss-Ch 2017"]
[Site "Graechen"]
[Date "2017.07.18"]
[Round "6"]
[White "Pelletier, Yannick"]
[Black "Baenziger, Fabian"]
[Result "1-0"]
[WhiteElo "2529"]
[BlackElo "2354"]
[Annotator "TA"]
[PlyCount "119"]
[EventDate "2017.??.??"]
[EventCountry "SUI"]
[SourceTitle "playchess.com"]
[Source "ChessBase"]
[SourceQuality "1"]

{[%evp 19,119,56,70,-1,30,23,32,33,39,37,45,31,32,16,22,11,12,21,6,0,0,-10,0,0,-3,-22,-15,-15,-12,-10,0,-59,0,0,0,0,0,0,0,0,0,0,0,0,16,0,0,0,0,0,0,0,0,0,0,0,8,0,0,0,8,0,0,0,0,0,8,13,8,-8,-8,-7,0,0,68,8,11,28,52,8,8,8,8,8,685,549,698,695,555,509,1766,1777,1735,1684,1585,1176,1518,1274,29981,29982,29982,29983]} 1. Nf3 Nf6 2. c4 g6 3. Nc3 Bg7 4. d4 O-O 5. e4 d6 6. Be2 Bg4 7. Be3 Nfd7 8. Qd2 e5 9. d5 f5 {E91: King's Indian: Classical: 6 Be2, unusual replies including 6...c5 and 6...Bg4} (9... a5 10. O-O-O Na6 11. h3 Bxf3 12. gxf3 f5 13. exf5 gxf5 14. Bg5 Qe8 15. Rdg1 Kh8 16. Rg2 Qf7 17. Rhg1 {½-½ (64) Narciso Dublan,M (2529)-Bachmann,A (2601) Barcelona 2015}) 10. exf5 gxf5 {LiveBook: 3 Games} 11. Bh6 (11. Bg5 $14 Qe8 12. Bh6) 11... Bxf3 {The position is equal.} 12. gxf3 Bxh6 13. Qxh6 {Rg1+ would kill now.} Qf6 14. Rg1+ $146 ({Predecessor:} 14. Qh3 Kh8 15. O-O-O a6 16. Rhg1 Nb6 17. Bd3 {1-0 (33) Thorfinnsson,B (2410)-Gislason,G (2280) Reykjavik 2016}) 14... Kh8 15. Qxf6+ Rxf6 16. O-O-O Na6 17. Rg5 Rg8 18. Rdg1 {[%csl Gg1][%cal Rg5g8]} Rfg6 19. Rxg6 hxg6 20. Nb5 Kg7 21. h4 Rh8 22. Rh1 $1 Nf6 23. Nxa7 Nh5 24. Nb5 Nf4 25. Bf1 (25. Kd2 $11) 25... g5 ({Black should try} 25... Rh5 $15) 26. h5 $1 $11 Rxh5 27. Rxh5 Nxh5 {[%mdl 4096] Endgame KBN-KNN} 28. a3 Kf6 29. b4 Nf4 30. Kd2 Ng6 31. Nc3 Ne7 32. Ke3 Ng6 33. Be2 Nf4 34. Bf1 Ng6 35. Be2 Nf4 36. Bd1 Ke7 37. Bc2 Kf6 38. Ba4 Ke7 39. Bc2 Kf6 40. Ba4 Ke7 41. Na2 Nb8 42. Bc2 Kf6 43. a4 c6 44. dxc6 Nxc6 45. a5 d5 46. Ba4 {Hoping for Bxc6.} dxc4 {[#]} ({Better is} 46... d4+ $11 47. Kd2 Nb8) 47. Bxc6 (47. a6 $1 $14 {[%mdl 512]}) 47... bxc6 {KN-KN} 48. Nc3 Ne6 49. b5 {Threatens to win with b6.} Nc7 $132 {[%mdl 2048] Black is not keeping still} 50. b6 ({But not} 50. bxc6 Ke6 $15) 50... Na6 51. Na4 {Strongly threatening b7.} c3 $2 {[%mdl 8192]} (51... Ke6 $11) 52. Nxc3 Ke6 53. Kd3 Kd6 {[#] intending ...Kc5.} 54. Kc4 $1 e4 (54... Nb8 $142 55. Ne2 Na6) 55. fxe4 $18 f4 56. Kd4 g4 57. e5+ Ke6 58. Ne2 Kf5 {[#]} 59. Nxf4 $1 {[%mdl 512]} c5+ (59... Kxf4 60. e6) 60. Kd5 {Precision: White = 62%, Black = 62%.} 1-0

[Event "Swiss-Ch 2017"]
[Site "Graechen"]
[Date "2017.07.18"]
[Round "6"]
[White "Loetscher, Roland"]
[Black "Gerber, Richard"]
[Result "1/2-1/2"]
[WhiteElo "2433"]
[BlackElo "2312"]
[Annotator "TA"]
[PlyCount "90"]
[EventDate "2017.??.??"]
[EventCountry "SUI"]
[SourceTitle "playchess.com"]
[Source "ChessBase"]
[SourceQuality "1"]

{[%evp 12,90,39,4,11,0,23,12,30,30,47,45,41,35,28,27,30,32,62,65,54,39,58,51,55,39,50,47,39,41,47,51,51,61,54,44,50,54,43,41,82,83,84,87,88,85,90,90,134,129,148,141,147,148,134,135,151,138,140,86,84,89,82,61,61,56,49,34,34,34,35,0,8,0,6,0,14,0,18,0,16]} 1. d4 Nf6 2. c4 g6 3. g3 Bg7 4. Bg2 O-O 5. Nf3 d6 6. O-O c6 7. h3 Ne4 {E60: King's Indian: Unusual lines and Fianchetto Variation without Nc3} (7... Nbd7 8. Nc3 e5 9. e4 exd4 10. Nxd4 Nc5 11. Be3 Re8 12. Qc2 a5 13. Rad1 Qc7 14. Rfe1 Be6 15. b3 Rad8 16. f4 Bc8 17. Bf2 Nfd7 18. Kh2 Nf8 19. Nde2 b6 20. Nd4 Nfe6 21. Nf3 Nf8 22. Bd4 f6 {½-½ (60) Nikolic,P (2603)-Kunin,V (2556) Berlin 2015}) 8. b3 f5 $146 ({Predecessor:} 8... d5 9. Bb2 Nd7 10. cxd5 cxd5 11. Nc3 Ndf6 12. Ne5 Bf5 13. g4 Be6 14. Qd3 Nxc3 15. Bxc3 h5 16. f3 Rc8 17. Rac1 Qd6 {½-½ (17) Gross,G (2330)-Burkart,P (2364) Germany 2001}) 9. Bb2 Qe8 10. Nbd2 Nxd2 11. Qxd2 Nd7 {[%cal Bb8d7,Bd7f6,Bf6e4][%mdl 32]} 12. d5 {Threatens to win with Bxg7.} Nf6 13. Rab1 Ne4 14. Qe3 c5 15. Bxg7 Kxg7 16. Ne1 Rb8 {[%cal Ba8b8,Bb8b4,Bb4f4][%mdl 32]} 17. Bxe4 (17. g4 $5) 17... fxe4 18. g4 b5 19. Qxe4 bxc4 20. Qxc4 Rb4 21. Qc3+ Kg8 22. f3 Qf7 23. Nc2 Rf4 24. Rbd1 $36 {[%mdl 2048] White has some pressure.} h5 {[%cal Rh5g4]} 25. Ne3 Ba6 26. Rf2 hxg4 27. hxg4 Qg7 28. Qxg7+ Kxg7 29. Nc2 Bc8 30. Rh2 a5 {[#]} 31. Kg2 $1 Rh8 32. Rxh8 Kxh8 $16 {[%mdl 4096] Endgame KRB-KRN} 33. e4 Bd7 34. Ne3 Rf8 35. a4 (35. Re1 $142) 35... Rb8 36. Rd3 {aiming for Nc4.} Bc8 37. Rc3 {Nc4 is the strong threat.} Ba6 38. g5 Kg7 39. f4 Rb4 40. Kf3 Rd4 41. Nc2 Rd2 {The position is equal.} 42. Na3 Kf7 43. Ke3 Re2+ 44. Kf3 Rh2 45. Ke3 Rh8 {Precision: White = 60%, Black = 52%.} 1/2-1/2

[Event "Swiss-Ch 2017"]
[Site "Graechen"]
[Date "2017.07.18"]
[Round "6"]
[White "Filipovic, Branko"]
[Black "Sedina, Yelena"]
[Result "1/2-1/2"]
[WhiteElo "2423"]
[BlackElo "2316"]
[Annotator "TA"]
[PlyCount "70"]
[EventDate "2017.??.??"]
[EventCountry "SUI"]
[SourceTitle "playchess.com"]
[Source "ChessBase"]
[SourceQuality "1"]

{[%evp 18,70,16,7,7,6,6,14,13,-6,0,-9,-2,0,5,-52,-27,-33,17,-39,-27,-25,-25,-53,-35,-183,-35,-74,-70,-89,-33,-24,-30,-57,-32,-32,-32,-40,-32,-50,-23,-60,-39,-30,-23,-47,-24,-56,-18,-22,0,-53,0,-30,0]} 1. b3 d5 2. Nf3 Nf6 3. Bb2 c6 4. e3 Bf5 5. d4 e6 6. Bd3 Bxd3 7. Qxd3 Nbd7 8. O-O Be7 9. c4 O-O 10. Nc3 a5 {D12: Slav Defence: 3 Nf3 Nf6 4 e3 Bf5} (10... a6 11. e4 dxe4 12. Nxe4 Nxe4 13. Qxe4 Qa5 14. a4 Rad8 15. Rfe1 Bf6 16. Rad1 Rfe8 17. h3 Qc7 18. Qc2 Nf8 19. g3 c5 20. d5 {½-½ (20) Malakhov,V (2682)-Dreev,A (2655) Solin 2006}) 11. a3 Re8 $146 ({Predecessor:} 11... Qb6 12. c5 Qc7 13. b4 b6 {½-½ (13) Krivoshey,S (2475)-Blagojevic,D (2529) Cutro 2007}) 12. Rfd1 Qb6 {The position is equal.} 13. c5 Qc7 14. Na4 Ne4 15. Rac1 f5 16. g3 (16. Ne5 $11 Nef6 17. Nxd7 Nxd7 18. Qc2) 16... Bf6 17. Kg2 e5 18. dxe5 (18. Nb6 $11) 18... Nxe5 $15 19. Bxe5 Bxe5 20. Nd4 g6 (20... Bxd4 $5 21. Qxd4 Re6 $11) 21. f3 {[#]} (21. Nf3 $15) 21... Nf6 ({Better is} 21... Bxg3 $1 $19 {[%mdl 512]} 22. fxe4 (22. hxg3 Qxg3+) 22... Bxh2 23. exd5 (23. exf5 $2 Qg3+ 24. Kh1 Rxe3 $19) 23... Qg3+ 24. Kh1 Rxe3) 22. Nb6 Rad8 23. Nc2 Nd7 (23... Nh5 $17 {[%cal Re5g3] aiming for ...Bxg3!} 24. Kf1 Qe7) 24. Nxd7 Qxd7 25. Re1 Qg7 26. Nd4 Rd7 27. Rcd1 Rde7 {...Bxd4 is the strong threat.} 28. Nc2 Bc7 29. Re2 Qf6 (29... f4 $5) 30. Rde1 Be5 31. Rf2 Qg7 32. Ree2 Bc7 33. Nd4 Be5 34. Nc2 Bc7 35. Nd4 Be5 {Precision: White = 30%, Black = 36%.} 1/2-1/2

[Event "Swiss-Ch 2017"]
[Site "Graechen"]
[Date "2017.07.18"]
[Round "6"]
[White "Gaehwiler, Gabriel"]
[Black "Sokolov, Andrei"]
[Result "1/2-1/2"]
[WhiteElo "2416"]
[BlackElo "2519"]
[Annotator "TA"]
[PlyCount "95"]
[EventDate "2017.??.??"]
[EventCountry "SUI"]
[SourceTitle "playchess.com"]
[Source "ChessBase"]
[SourceQuality "1"]

{[%evp 21,95,-48,-41,-47,-48,-73,-68,-70,-68,-50,-64,-71,0,0,0,-80,-6,-3,-11,-6,48,22,81,79,87,79,178,177,1577,1820,1777,1716,1512,1497,1456,1311,1510,1482,1104,191,202,182,182,182,174,178,190,179,187,0,193,187,168,192,202,195,189,195,187,163,171,132,123,110,147,118,143,0,0,0,0,0,0,0,0,-29980]} 1. e4 c5 2. Nf3 e6 3. d4 cxd4 4. Nxd4 Nc6 {[%cal Bb8c6,Bc6e5,Be5g4,Bg4e3][%mdl 32]} 5. Nc3 Qc7 6. Be3 a6 7. Qf3 {B48: Sicilian: Taimanov: 5 Nc3 Qc7 6 Be3 a6 without Be2} Nf6 8. O-O-O Ne5 9. Qg3 b5 {[%cal Bb7b5,Bb5b4][%mdl 32]} 10. f4 Neg4 11. e5 (11. Bg1 h5 12. e5 b4 13. Nb1 Ne4 14. Qe1 Bb7 {0-1 (40) Oparin,G (2605)-Najer,E (2706) Sochi 2017}) 11... Nxe3 {LiveBook: 5 Games} 12. Qxe3 b4 $1 13. Ne4 Nxe4 14. Qxe4 Bb7 15. Qe3 $146 Bc5 16. Bd3 Bxg2 (16... a5 $17) 17. Rhg1 $11 {[%cal Bh1g1,Bg1g7,Bg7g3,Bg3d3,Bd3d7][%mdl 32]} Bd5 18. Be4 (18. Rxg7 $11 d6 19. b3) 18... Qb7 (18... Bxe4 $17 19. Qxe4 O-O) 19. Bxd5 Qxd5 20. Rxg7 Qxa2 ({Better is} 20... d6 $11) 21. Qe4 $14 Rd8 (21... Rc8 $11 {keeps the balance.}) 22. Nb3 $40 {[%mdl 128] White is out for blood.} Bf8 23. Rg3 $1 (23. Rxh7 $6 Rxh7 24. Qxh7 a5 $11) 23... a5 (23... Qa4 $16) 24. Rgd3 $1 $18 {[%cal Rd3d7]} a4 $2 {[#]} (24... Be7) 25. Rxd7 $3 {[%mdl 512]} Rxd7 26. Qc6 {[%csl Gd1][%cal Rc6d7]} Bd6 27. exd6 {Intending Qc8+ and mate.} (27. Rxd6 O-O $11) 27... O-O 28. Qxd7 h6 29. Rg1+ Kh7 30. Qe7 $2 (30. Qa7 {Qd4 would kill now.} a3 31. bxa3 Qxa3+ 32. Qxa3 bxa3 33. c4) 30... axb3 31. Qxf8 {[%csl Gg1][%cal Rf8g8]} Qa1+ 32. Kd2 {[%csl Gg1][%cal Rf8g8]} Qxg1 33. Qxf7+ {[%mdl 4096] Endgame KQ-KQ} Kh8 34. Qf8+ ({Don't play} 34. cxb3 Qf2+ 35. Kd3 Qf3+ 36. Kd4 Qd5+ 37. Ke3 Qc5+ 38. Kf3 Qxd6 $16) 34... Kh7 35. Qf7+ ({Weaker is} 35. cxb3 Qd4+ 36. Ke1 Qe3+ 37. Kf1 Qd3+ 38. Kg2 Qd2+ 39. Kf3 Qd3+ 40. Kg4 Qe2+ 41. Kg3 Qe3+ 42. Kg4 Qe2+ 43. Kg3 Qe3+ 44. Kg4 Qe2+ $11) 35... Kh8 36. Qf6+ ({Much less strong is} 36. cxb3 $6 Qf2+ 37. Kd3 Qf3+ 38. Kd4 Qd5+ 39. Ke3 Qc5+ 40. Kf3 Qxd6 $16) (36. Qxe6 Qxh2+ 37. Kd3 Qg3+ 38. Ke4 bxc2 $16) 36... Kh7 37. cxb3 Qf2+ {[#]} 38. Kd3 $1 Qf3+ 39. Kc4 Qd5+ 40. Kxb4 Qxd6+ 41. Kc4 Qd5+ 42. Kc3 Qf3+ 43. Kd4 Qd1+ {[#]} 44. Ke3 (44. Kc5 $1 $16) 44... Qe1+ $11 {The position is equal.} 45. Kd3 {And now Qe5 would win.} Qd1+ 46. Ke3 {Strongly threatening Qf7+.} Qe1+ 47. Kd3 {Threatens to win with Qe5.} Qd1+ 48. Ke4 $2 {[%mdl 40960] Precision: White = 59%, Black = 48%. . An unexpected result.} (48. Kc3 $11 Qf3+ 49. Kc4) 1/2-1/2

[Event "Swiss-Ch 2017"]
[Site "Graechen"]
[Date "2017.07.18"]
[Round "6"]
[White "Landenbergue, Claude"]
[Black "Gallagher, Joseph G"]
[Result "0-1"]
[WhiteElo "2338"]
[BlackElo "2433"]
[Annotator "TA"]
[PlyCount "88"]
[EventDate "2017.??.??"]
[EventCountry "SUI"]
[SourceTitle "playchess.com"]
[Source "ChessBase"]
[SourceQuality "1"]

{[%evp 29,88,0,0,0,0,0,0,0,0,0,0,0,0,0,0,-14,0,0,-6,-5,-6,-25,-17,-30,-17,-17,-13,-15,-13,-24,0,-17,0,-8,-2,-9,-7,-17,-16,-46,-46,-62,-78,-68,0,0,0,0,0,0,6,0,0,-26,0,0,0,-30,-30,-498,-498]} 1. e4 c5 2. c3 Nf6 3. e5 Nd5 4. d4 cxd4 5. Nf3 Nc6 6. cxd4 d6 7. Bc4 Nb6 8. Bb5 dxe5 9. Nxe5 Bd7 10. Nxd7 Qxd7 11. Nc3 Rd8 {B22: Sicilian: 2 c3} 12. Qf3 a6 13. Bxc6 Qxc6 14. Qxc6+ bxc6 15. Be3 e6 {LiveBook: 3 Games} 16. Ke2 Be7 17. Rac1 Kd7 18. Rc2 {[#]} Rb8 $146 ({Predecessor:} 18... Ra8 19. Rhc1 {0-1 (45) Godena,M (2552)-Atalik,S (2593) Havana 1999}) 19. Rhc1 Rhc8 20. h3 h6 21. Bf4 Rb7 22. Rd1 a5 23. Bd2 Ra8 24. Rdc1 a4 25. Kd3 Ra6 26. g3 Bd6 27. Nd1 Nd5 28. Ne3 Rb5 29. Nxd5 (29. h4 {feels hotter.} Ne7 30. Nd1 Rbb6 31. Ne3 h5 32. Nd1) 29... Rxd5 (29... cxd5 {seems wilder.} 30. g4 Rab6 31. Bc3 Ke7 32. h4 Kf6) 30. Ke2 Rb5 31. Rd1 Be7 32. Bc1 Rab6 33. Rc4 Rb4 34. Rxb4 Rxb4 $11 {[%mdl 4096] Endgame KRB-KRB} 35. a3 Rb5 36. Kd3 c5 (36... Rb3+ $15 37. Kc4 Bf6) 37. Kc4 Kc6 {[#] Threatens to win with ...cxd4.} 38. d5+ exd5+ 39. Rxd5 Rb7 40. Rd3 Bf6 41. b3 axb3 42. Rxb3 Ra7 43. Rf3 Bd4 44. Be3 $2 {[%mdl 8192] [#]} (44. Bd2 $11 {and White has nothing to worry.}) 44... Rxa3 {Precision: White = 38%, Black = 60%.} 0-1

[Event "Swiss-Ch 2017"]
[Site "Graechen"]
[Date "2017.07.18"]
[Round "6"]
[White "Riehle, Marco"]
[Black "Demuth, Adrien"]
[Result "0-1"]
[WhiteElo "2236"]
[BlackElo "2558"]
[Annotator "TA"]
[PlyCount "100"]
[EventDate "2017.??.??"]
[EventCountry "SUI"]
[SourceTitle "playchess.com"]
[Source "ChessBase"]
[SourceQuality "1"]

{[%evp 23,100,-17,-16,-45,-54,-70,-70,-63,-52,-43,-52,-60,-59,-62,-68,-50,-12,-12,-13,-78,-83,-74,-75,-83,-86,-74,-77,-147,-147,-150,-148,-143,-132,-220,-216,-239,-244,-253,-256,-252,-254,-549,-540,-558,-550,-541,-541,-636,-627,-560,-407,-405,-397,-404,-404,-446,-445,-445,-437,-430,-423,-627,-558,-623,-610,-675,-672,-736,-727,-647,-584,-591,-466,-926,-902,-903,-860,-29979,-29980]} 1. e4 c6 2. c4 d5 3. exd5 cxd5 4. cxd5 Nf6 5. Qa4+ Nbd7 6. Nc3 g6 7. Nf3 Bg7 8. Bc4 {B10: Caro-Kann: 2 d3 and 2 c4} O-O 9. d3 a6 10. Qa3 b6 {[%cal Bb7b6,Bb6b5][%mdl 32]} 11. O-O Bb7 12. Re1 Re8 {LiveBook: 89 Games} 13. Ng5 (13. Be3 b5 14. Bb3 Nb6 15. Bxb6 Qxb6 {0-1 (36) Bortnyk,O (2579)-Grischuk,A (2747) ICC INT 2016}) 13... Rc8 {[%mdl 1024] [#] Black has compensation.} 14. Bf4 $146 ({Predecessor:} 14. d6 e6 15. Bf4 b5 {½-½ (104) Socko,B (2637)-Laznicka,V (2598) Ostrava 2009}) 14... b5 15. Bb3 Nc5 $1 {[%cal Rc5d3]} 16. d6 $1 e6 17. Rad1 $1 Nh5 18. Be3 $1 Nxb3 19. axb3 Bf8 {With the idea ...f5.} 20. Nge4 $1 f5 $36 {[%mdl 2048] Black has good play.} 21. Nc5 (21. Bg5 $11 {remains equal.} Qb6 22. Be3) 21... Bxd6 $17 22. Nxb7 Bxa3 23. Nxd8 Bxb2 24. Nxb5 {aiming for Nd6.} Rexd8 25. Bb6 (25. Na7 $142 Rc2 26. b4) 25... axb5 26. Bxd8 Rxd8 27. Rxe6 b4 28. Rb6 {[#]} (28. g3 $17) 28... Bc3 $1 $19 29. g3 Nf6 30. Kg2 {[#]} Ne4 $1 {[%mdl 512]} 31. d4 (31. dxe4 Rxd1) 31... Nd2 ({Inferior is} 31... Rxd4 32. Rxd4 Bxd4 33. Rxb4 $11) 32. Re1 $2 {[#]} (32. Rb7) 32... Nc4 $1 {[%mdl 512]} 33. bxc4 Bxe1 {[%mdl 4096] Endgame KRB-KR} 34. d5 Rc8 35. Rc6 Rb8 {Strongly threatening ...b3.} 36. d6 {Threatens to win with d7.} b3 37. d7 Rd8 38. Rb6 Rxd7 39. Rxb3 Rd2 40. Rf3 Rc2 41. Kf1 Bb4 42. Rf4 (42. Re3 $142) 42... Bd6 43. Rd4 Bc5 44. Rf4 Kg7 45. h4 Kf6 46. Kg2 Bd6 47. Rf3 Rxc4 48. Kh3 (48. Rd3 $142 Bc5 49. Rd2) 48... Bc5 49. Kg2 Rc2 50. g4 {[#]} Rxf2+ $1 {Precision: White = 33%, Black = 90%.} 0-1

[Event "Swiss-Ch 2017"]
[Site "Graechen"]
[Date "2017.07.19"]
[Round "7"]
[White "Demuth, Adrien"]
[Black "Pelletier, Yannick"]
[Result "1/2-1/2"]
[WhiteElo "2558"]
[BlackElo "2529"]
[Annotator "TA"]
[PlyCount "39"]
[EventDate "2017.??.??"]
[EventCountry "SUI"]
[SourceTitle "playchess.com"]
[Source "ChessBase"]
[SourceQuality "1"]

{[%evp 24,39,29,29,32,27,29,23,34,9,4,5,55,8,6,0,0,0]} 1. d4 Nf6 2. c4 e6 3. Nc3 Bb4 4. Nf3 b6 5. e3 O-O 6. Bd3 Bb7 7. O-O c5 8. Na4 cxd4 {E43: Nimzo-Indian: Rubinstein: 4...b6} 9. a3 (9. exd4 Bxf3 10. Qxf3 Nc6 11. Be3 e5 12. d5 e4 13. Bxe4 Ne5 14. Qf4 Re8 15. Bf3 Bd6 16. Qd4 Nxf3+ 17. gxf3 {0-1 (62) Mamedyarov,S (2800)-Karjakin,S (2781) Paris 2017}) 9... Bd6 10. exd4 Bxf3 11. Qxf3 Nc6 12. Be3 e5 13. dxe5 {LiveBook: 5 Games} Nxe5 14. Qd1 Qc7 15. h3 {[#]} Rac8 $146 ({Find the theoretical novelty and annotate with similar games:} 15... Qc6 16. Nc3 {0-1 (69) Romanov,E (2651)-Fedoseev,V (2532) St Petersburg 2013}) 16. Rc1 Nxd3 17. Qxd3 Bh2+ 18. Kh1 Bf4 19. c5 {[%cal Rc5b6]} Bxe3 20. fxe3 1/2-1/2

[Event "Swiss-Ch 2017"]
[Site "Graechen"]
[Date "2017.07.19"]
[Round "7"]
[White "Sokolov, Andrei"]
[Black "Ekstroem, Roland"]
[Result "1/2-1/2"]
[WhiteElo "2519"]
[BlackElo "2376"]
[Annotator "TA"]
[PlyCount "37"]
[EventDate "2017.??.??"]
[EventCountry "SUI"]
[SourceTitle "playchess.com"]
[Source "ChessBase"]
[SourceQuality "1"]

{[%evp 20,21,29,33]} 1. e4 e5 2. Nf3 Nc6 3. Bc4 Bc5 4. O-O Nf6 5. d3 d6 6. c3 a6 7. Bb3 Ba7 8. Nbd2 O-O 9. h3 Ne7 10. Re1 Ng6 11. Nf1 {Predecessor:} c6 $146 12. Ng3 d5 13. exd5 Nxd5 14. d4 exd4 15. Nxd4 h6 16. Bc2 Re8 17. Rxe8+ Qxe8 18. Bb3 Qe5 19. Kh2 {½-½ (42) Leko,P (2693)-Carlsen,M (2840) Doha 2016} 1/2-1/2

[Event "Swiss-Ch 2017"]
[Site "Graechen"]
[Date "2017.07.19"]
[Round "7"]
[White "Jenni, Florian"]
[Black "Landenbergue, Claude"]
[Result "1-0"]
[WhiteElo "2467"]
[BlackElo "2338"]
[Annotator "TA"]
[PlyCount "55"]
[EventDate "2017.??.??"]
[EventCountry "SUI"]
[SourceTitle "playchess.com"]
[Source "ChessBase"]
[SourceQuality "1"]

{[%evp 14,55,30,28,54,35,77,43,44,41,39,36,51,31,45,39,36,24,106,127,97,60,58,27,43,35,68,58,60,15,61,0,0,0,0,0,0,0,102,116,90,108,447,447]} 1. e4 c5 2. Nf3 e6 3. d4 cxd4 4. Nxd4 a6 5. Bd3 Bc5 6. Nb3 Ba7 7. Qe2 Nc6 8. Be3 {LiveBook: 475 Games} b5 {B42: Sicilian: Kan Variation: 5 Bd3} 9. a4 Bxe3 10. Qxe3 (10. axb5 {keeps more tension.} Bb6 11. bxc6 d6 12. O-O Ne7 13. Bxa6 O-O 14. Nc3) 10... bxa4 {White is slightly better.} 11. Rxa4 Nge7 12. O-O O-O 13. e5 $146 ({Predecessor:} 13. Nc3 d6 14. Rfa1 a5 15. Nd2 Rb8 16. b3 Rb4 17. Rxb4 axb4 18. Nb5 Bb7 19. Nc4 Nc8 20. Qf4 e5 21. Qd2 f5 22. Ncxd6 {1-0 (22) Ljubicic,F (2350)-Hulak,K (2525) Kastel Stari 1997}) 13... Ng6 14. f4 Rb8 15. N1d2 {[%cal Bb1d2,Bd2e4,Be4d6][%mdl 32]} (15. Bxa6 Bxa6 16. Rxa6 f6 $15) 15... Rb4 (15... d6 $11 {remains equal.}) 16. Rxb4 $16 Nxb4 17. Bxg6 hxg6 18. Ne4 Bb7 19. Nd6 Qa8 20. Rf2 a5 21. Qb6 Be4 22. Nc5 (22. Nd4 $14) 22... Bc6 $11 {Threatens to win with ...Rb8.} 23. c4 Rb8 24. Qc7 $36 {[%mdl 2048] White is more active.} Rf8 25. b3 {[%cal Bb2b3,Bb3b4][%mdl 32]} Na6 {[#]} (25... a4 $11 26. bxa4 Bxa4) 26. Nxa6 $1 $16 ({Don't play} 26. Qxa5 Nxc5 27. Qxc5 Qa1+ 28. Rf1 Qa2 $15) 26... Qxa6 {[#]} 27. Ra2 $1 {[%cal Ra2a5]} Ra8 $2 {[%mdl 8192] [#]} (27... a4 $16 {is tougher.}) 28. b4 $1 {[%mdl 512] Precision: White = 47%, Black = 48%.} 1-0

[Event "Swiss-Ch 2017"]
[Site "Graechen"]
[Date "2017.07.19"]
[Round "7"]
[White "Gallagher, Joseph G"]
[Black "De Seroux, Camille"]
[Result "1-0"]
[WhiteElo "2433"]
[BlackElo "2095"]
[Annotator "TA"]
[PlyCount "89"]
[EventDate "2017.??.??"]
[EventCountry "SUI"]
[SourceTitle "playchess.com"]
[Source "ChessBase"]
[SourceQuality "1"]

{[%evp 22,89,71,39,56,38,51,-4,-8,-34,9,0,8,-9,0,-10,-4,-20,-20,-27,-8,-16,-6,-8,1,-15,-15,-20,0,0,18,0,0,0,0,0,104,113,162,159,203,192,210,206,217,218,218,218,215,106,123,127,215,126,126,131,119,120,440,432,433,413,418,404,766,765,1073,1008,29981,29982]} 1. e4 c5 2. Nf3 Nc6 3. Bb5 g6 4. Bxc6 bxc6 5. O-O Bg7 6. Re1 e5 7. c3 Ne7 8. d4 cxd4 9. cxd4 exd4 10. Nxd4 O-O 11. Nc3 d6 12. Bf4 (12. Bg5 $5 {[%cal Rd4c6]} Bd7 13. Nf3 $14) 12... Qb6 {B31: Sicilian: 2...Nc6 3 Bb5 g6} (12... Bb7 13. Qd2 Nc8 14. Bh6 Nb6 15. Bxg7 Kxg7 16. Rad1 Qe7 17. b3 Rad8 18. Re3 Kg8 19. Rg3 Kh8 20. Qh6 {1-0 (44) Seres,L (2456)-Tzermiadianos,A (2447) Budapest 2009}) 13. Nb3 Rd8 $1 14. Rc1 $146 (14. Bg5 $14 f6 15. Be3) ({Find the theoretical novelty and annotate with similar games:} 14. Be3 Qb8 15. Bd4 Be6 16. Bxg7 Kxg7 17. Qd4+ f6 18. Ne2 Bxb3 19. axb3 d5 20. exd5 Nxd5 {1-0 (46) Zichichi,A (2330)-Mack,P (2270) Ostend 1975}) 14... Be6 $1 $11 {The position is equal.} 15. Bg5 Bxb3 16. axb3 Qb7 17. Na4 Rac8 18. Qf3 h6 19. Bh4 g5 20. Bg3 Ng6 21. Red1 Qe7 22. h3 $1 Qe6 23. Rc2 {[%cal Bc1c2,Bc2d2,Bd2d5][%mdl 32]} Ne5 24. Qe3 c5 25. Rcd2 $1 Rc6 26. Rd5 {[%cal Ra4c5]} Rb8 27. Qc3 Ng6 28. Rxd6 Bxc3 (28... Rxd6 $11 29. Rxd6 Qxe4) 29. Rxe6 $16 Rxe6 30. Bxb8 Bd4 31. Bxa7 Rxe4 32. b4 {[%cal Bb3b4,Bb4b5,Bb5b6,Bb6b7][%mdl 32]} Re2 33. Bxc5 Bxb2 34. b5 Be5 35. Bd4 (35. Bd6 $18 {has better winning chances.}) 35... Bxd4 36. Rxd4 {[%mdl 4096] Endgame Strongly threatening Rb4. KRN-KRN} Re1+ 37. Kh2 {[#] Threatens to win with Rb4.} Rb1 38. b6 Ne5 39. Rd6 {Hoping for Nc5.} Rb4 $2 {[%mdl 8192]} (39... Kg7 $16 {is tougher.} 40. Rd5 Nc4) 40. Nc5 $18 Kf8 41. b7 Ke7 42. Rxh6 g4 (42... Nd7 $142) 43. h4 Rb5 44. Ra6 f5 45. Re6+ {Precision: White = 45%, Black = 44%.} 1-0